Amigos em fila na quinta (Registo nº 202737)
[ vista simples ]
| 000 -Etiqueta do registo | |
|---|---|
| Valores | 00597nam 22001933 4500 |
| 010 ## - Número ISBN | |
| ISBN | 978-972-20-7581-7 |
| 021 ## - Número do Depósito Legal | |
| Código do país | Portugal |
| Número | 502224/22 |
| 100 ## - Dados gerais de processamento | |
| Dados gerais | 20260624d u||y0pory50 ba |
| 200 ## - Titulo e menção de responsabilidade | |
| Título próprio | Amigos em fila na quinta |
| Primeira menção de responsabilidade | texto Elisa van Spronsen, ilustrações Marta Sorte |
| 210 ## - Publicação | |
| Local de publicação | Alfragide |
| Nome do editor | Publicações Dom Quixote |
| Data de publicação | cop. 2022 |
| 215 ## - Descrição física | |
| Paginação / Volumes | [10] p. |
| Outras indicações físicas | il. ; cartonado |
| Dimensões | 16 cm |
| 300 ## - Notas gerais | |
| Texto da nota | 5 peças grandes para 2 mãos pequeninas |
| 606 ## - Nome comum usado como assunto | |
| ID Autoridade | 235 |
| Palavra de ordem | Literatura infantil |
| 675 ## - CDU | |
| Notação | 821-93 |
| Edição | PT |
| Língua | por |
| 801 ## - Fonte de origem | |
| País | PT |
| Agência | BMMN |
| Regras de catalogação | RPC |
| 830 ## - Notas gerais do catalogador | |
| Criado por | Isabel |
| 990 ## - Elementos KOHA | |
| Tipo de documento | Livro |
| Situação do levantamento | Biblioteca de origem | Código de barras | Cota | Permissão de empréstimo | Tipo de documento | Forma de aquisição |
|---|---|---|---|---|---|---|
| Biblioteca Municipal de Montemor-o-Novo | 32248 | 821-93 SPR|AIJ | Livro | Oferta |